| 000 | 00531nam a2200169 i 4500 | ||
|---|---|---|---|
| 001 | 36111 | ||
| 003 | ES-MaACL | ||
| 005 | 20230906155313.0 | ||
| 007 | t| | ||
| 008 | 030217s1965 ck ||||1| spa d | ||
| 100 | 1 |
_aBrandenburg, Frank. _931336 |
|
| 245 | 1 | 0 |
_aDesarrollo de la empresa privada latinoamericana / _cFrank Brandenburg ; versión española de Antonio Panesso. |
| 260 |
_aBogotá : _bTercer Mundo, _c1965. |
||
| 300 |
_a171 p. ; _c24 cm. |
||
| 700 | 1 |
_aPanesso, Antonio. _988769 |
|
| 852 |
_aES-MaACL _jC-28992 _bR.58296 |
||
| 999 |
_c36111 _d36111 |
||